Statystyki dla Najwyżej wyceniani bramkarze świata

Kliknij tutaj aby rozwiązać quiz!

Ogólne statystyki

  • Ten quiz został rozwiązany 385 razy
  • Średni wynik to 8 z 20

Statystyki odpowiedzi

Wartość wg TransfermarktZawodnik (nazwisko na koszulce)% Poprawnych
32 miliony euroSzczęsny
91%
72 miliony euroTer Stegen
75%
72 miliony euroAlisson
74%
56 milionów euroEderson
69%
80 milionów euroOblak
67%
40 milionów euroDe Gea
66%
48 milionów euroCourtois
65%
49,5 miliona euroDonnarumma
64%
32 miliony euroKepa
49%
28 milionów euroPickford
38%
36 milionów euroOnana
31%
28 milionów euroLeno
30%
17,5 miliona euroMaignan
13%
28 milionów euroMeret
12%
16 milionów euroPatricio
12%
17,5 miliona euroLopes
9%
16 milionów euroSimon
8%
19 milionów euroLopez
7%
20 milionów euroStrakosha
5%
16 milionów euroCragno
1%

Rozkład punktacji

Percentyl według liczby udzielonych odpowiedzi

Procent ludzi z każdym wynikiem

Twoja historia wyników

Nie rozwiązałeś tego quizu